000 nam a22 7a 4500
999 _c7432
_d7432
008 170830b xxu||||| |||| 00| 0 eng d
020 _a9783775141154
100 _aMuller Michael
_93957
245 _aBe Different
260 _aGermany
_bHanseller Publishers
_c2005